[Event "ROM-ch"]
[Site "Bucharest"]
[Date "1998.12.18"]
[Round "10"]
[White "Marin, Mihail"]
[Black "Cosma, Ioan"]
[Result "1/2-1/2"]
[WhiteElo "2530"]
[BlackElo "2475"]
[Annotator "Ribli,Z"]
[PlyCount "80"]
[EventDate "1998.12.08"]
[EventType "tourn"]
[EventRounds "15"]
[EventCountry "ROU"]
[EventCategory "9"]
[SourceTitle "CBM 069"]
[Source "ChessBase"]
[SourceDate "1999.04.01"]
[SourceVersion "1"]
[SourceVersionDate "1999.04.01"]
[SourceQuality "1"]

1. g3 Nf6 2. Bg2 e5 3. c4 d5 4. cxd5 Nxd5 5. Nc3 Nb6 {Diese unsymmetrische
Stellung ist eigentlich bekannt aus der Sizilianischen Verteidigung 
(Drachenvariante), aber mit umgekehrten Farben. Ribli.} 6. Nf3 Nc6 7. O-O Be7
8. a3 {Weiß beginnt mit sofortigen Aktionen am Damenflügel. In dieser Variante
hat Weiß gewönlich Initiative am Damenflügel, denn er besitzt die halboffene
c-Linie und sein Läufer auf g2 unterstützt seine Pläne. Anderseits hat Schwarz
Übergewicht im Zentrum und übt starke Kontrolle über das Feld d4 aus.} O-O 9.
b4 Be6 (9... Re8 $5 {Das ist mit folgendem 10...Bf8 und 11...Nd4 der andere
mögliche Plan.}) 10. Rb1 f6 11. d3 (11. Ne1 Qc8 $6 (11... Nd5 $5) 12. Nd3 Bh3
13. Nc5 Bxg2 14. Kxg2 a5 15. d3 axb4 16. axb4 f5 17. Qb3+ Kh8 18. Nb5 Bd6 19.
Qe6 $16 {Degerman,L-Gretarsson,H/Stockholm 1996/Inf 68 (19)}) 11... a5 (11...
Nd4 12. Be3 Nxf3+ (12... c5 13. Ne4 Nxf3+ 14. Bxf3 cxb4 15. Nc5 Bd5 $5 16.
Bxd5+ Qxd5 17. axb4 Rfc8 18. Qd2 Bxc5 19. bxc5 Nd7 $11 {Lautier,J-Portisch,L/
Biel 1996/Inf 67 (19)}) 13. Bxf3 c6 14. Bc5 $5 $146 Nd5 15. Nxd5 cxd5 16. Qb3
Re8 17. Rfc1 Qd7 18. b5 Bxc5 19. Rxc5 Rac8 20. Rbc1 e4 21. dxe4 Rxc5 22. Rxc5
dxe4 23. Bg4 Bxb3 24. Bxd7 Re7 25. Bg4 b6 $11 {Timman,J-Bareev,E/Ubeda 1997/
Inf 69 (25)}) 12. b5 Nd4 13. Nd2 Bd5 (13... Qc8 14. e3 Nf5 15. Qc2 (15. Re1 Rd8
16. Qc2 a4 17. Bb2 Ra5 18. Rbc1 Nd6 19. d4 Nxb5 20. Nxb5 Rxb5 21. Bf1 Rbd5 22.
Qxc7 Qxc7 23. Rxc7 R5d7 {1/2-1/2 Sapunov,E-Yakovich,Y/St. Petersburg 1998/CBM
67 noVC (35)}) 15... Rd8 16. Rd1 a4 17. Nce4 Qd7 18. Nc5 Bxc5 19. Qxc5 Nd6 20.
Bf1 Nd5 21. e4 b6 22. Qc2 Ne7 23. d4 {1-0 Georgiev,K-Gurevich,M/Niksic 1996/
EXT 99 (44)}) (13... Nd5 $2 {Das ist ein bekannter Fehler, meist ohne das
Zugpaar Rb1 / f6, aber das Motiv ist gleich.} 14. Bxd5 Bxd5 15. e3 {[%csl Rd4,
Rd5]} Nf5 (15... Ne6 16. e4 $18) 16. e4 $18) (13... c6 $6 14. bxc6 bxc6 15. e3
Nf5 16. Qc2 $16 {[%csl Rc6]}) 14. Nxd5 (14. Bh3 $5 {[%csl Rd4,Rd5][%cal Re2e3,
Re3d4] Weiß droht e2-e3 mit Figurengewinn.} Bf7 (14... Be6 15. Bxe6+ Nxe6 16.
Qb3 Qd7 $11) 15. e3 Ne6 16. Nde4 g6 $1 $132) 14... Nxd5 {[%cal Rd5c3,Rc3d1,
Rc3b1]} 15. Ne4 (15. Bxd5+ Qxd5 16. a4 Bb4 $1 17. Nb3 c6 18. e4 Qd7 19. Nxd4
exd4 20. Bd2 $11 {1-0 Ftacnik,L-Torre,E/Bacolod 1991/Inf 52/[Ftacnik,L] (40)})
(15. Bb2 a4 16. Bxd5+ Qxd5 17. e4 Qd7 18. Bxd4 Qxd4 19. Nc4 Rfd8 20. Qg4 Qd7 {
0-1 Zueger,B-Palac,M/Biel 1998/EXT 99 (32)}) 15... a4 (15... f5 16. e3 fxe4 (
16... Ne6 17. Qb3 $5) 17. exd4 exd4 18. Bxe4 Nc3 19. Qb3+ Kh8 20. Bxb7 $6 $146
(20. Ra1 Qd7 21. Re1 Rae8 22. Bxb7 Bd6 23. Be4 a4 24. Qc4 Qh3 {1/2-1/2 Foisor,
O-Tukmakov,V/Zaragoza op 1993 (60)}) 20... Rb8 21. Be4 a4 22. Qc2 Nxb1 23. Qxb1
Qd7 24. Qc2 Qxb5 25. Qxc7 Rfe8 26. Qf4 Qh5 27. Bc6 $11 {1/2-1/2 Georgiev,
K-Rublevsky,S/Elista 1998/CBM 66 ext/ (45)}) 16. e3 f5 $146 {Schwarz startet
sofort einen Gegenangriff im Zentrum.} (16... Nb3 17. Rxb3 axb3 18. Qxb3 Kh8
19. Ng5 fxg5 20. Bxd5 Rb8 21. Be4 Bd6 22. a4 b6 23. Bb2 $44 {[%csl Ge4] 1/2-1/
2 Petursson,M-Stefansson,H/ISL-ch 1996 (27) Weiß hat Bauern und Läufer gegen
Turm und sein e4-Läufer steht ausgezeichnet, aber es ist nicht leicht zu sehen,
ob Weiß vorankommen kann oder nicht.}) 17. exd4 fxe4 $13 {[%cal Rd5c3,Rc3b1,
Rc3d1]} 18. Bb2 (18. Qc2 $6 exd4 19. Qc4 Kh8 20. dxe4 Nc3 $15) 18... exd4 19.
Bxe4 $5 (19. Bxd4 Nf4 {[%csl Rd4][%cal Rd8d4]} 20. gxf4 Qxd4 21. dxe4 Qxd1 22.
Rfxd1 Bxa3 $15) 19... Nc3 20. Bxc3 dxc3 21. Qh5 (21. Bxb7 Ra7 22. Ba6 Qd4 $44 (
22... Bxa3 23. Qxa4)) 21... g6 (21... h6 {[%csl Yg6,Rg8,Yh7]} 22. Rfc1 $14) 22.
Qe5 {[%cal Re5c3,Re4d5,Rd5g8]} (22. Bxg6 hxg6 23. Qxg6+ Kh8 24. Qh6+ $11 {
Weiß hat Dauerschach, aber nicht mehr.}) 22... Bf6 (22... c2 23. Bd5+ $18) 23.
Qe6+ Kh8 24. Bxb7 $14 {Weiß besitzt einen Mehrbauern, aber der schwarze
c3-Bauer ist sehr stark und der Nachziehende hat gute Kontrolle über die
schwarzen Felder.} Rb8 25. Be4 Qe7 {[%cal Re7e6,Re7a3]} (25... Bd4 26. Rb4) 26.
Qxe7 Bxe7 {[%csl Ra3]} 27. Rfc1 {[%csl Rc3]} Bxa3 (27... Bf6 $2 28. Rb4 $16)
28. Rxc3 Bd6 {[%csl Ga4]} 29. Rc4 a3 {[%csl Ga3] Der ernfernte a-Freibauer ist
mit Unterstützung des Läufers immer eine Gefahr.} 30. Ra4 Rfe8 {[%cal Ge8e5,
Ge5b5]} 31. f4 g5 $1 {Schwarz aktiviert mit diesem zeitweiligen Bauernopfer
seinen Turm.} (31... Kg7 $14) (31... Re7 $14) 32. fxg5 Re5 {[%cal Re5b5,Re5g5]
Weiß muß einen Bauern zurückgeben.} 33. h4 (33. Bc6 Rxg5 $14) 33... Rexb5 34.
Rxb5 Rxb5 35. Kg2 Kg7 (35... Rb2+ 36. Kh3 a2 37. Bd5 {[%csl Ra2][%cal Ra4a8,
Ra8h8] Weiß hat zwei Drohungen: Es hängt der Bauer auf a2 und es droht 38.Ra8+
nebst 39.Rg8#.}) 36. Kh3 Bb4 $1 $11 {[%csl Ra4][%cal Rb5a5] Schwarz droht, 37..
.Ra5 zu spielen, wonach er im Endspiel mit ungleichfarbigen Läufern leicht das
Gleichgewicht halten könnte.} 37. Bc6 Ra5 38. Rxa5 (38. Rxb4 $4 a2 $19) 38...
Bxa5 39. Bd5 Be1 40. Kg4 Bf2 {[%mdl 264] Und hier wurde Remis vereinbart. Der
weiße Mehrbauer ist in diesem ungleichfarbigen Läuferendspiel bedeutungslos.}
1/2-1/2

[Event "RUS-ch qual 57th"]
[Site "St Petersburg"]
[Date "2004.05.24"]
[Round "4"]
[White "Yakovich, Yuri"]
[Black "Kurnosov, Igor"]
[Result "1-0"]
[WhiteElo "2596"]
[BlackElo "2543"]
[Annotator "Ribli,Z"]
[PlyCount "89"]
[EventDate "2004.05.21"]
[EventType "swiss"]
[EventRounds "9"]
[EventCountry "RUS"]
[SourceTitle "CBM 102"]
[Source "ChessBase"]
[SourceDate "2004.09.23"]
[SourceVersion "1"]
[SourceVersionDate "2004.09.23"]
[SourceQuality "1"]

1. c4 Nf6 2. Nc3 e5 3. Nf3 Nc6 4. g3 Nd4 {So wird selten gespielt, die
üblichen Fortsetzungen sind 4...Bb4, 4...Bc5 und hauptsächlich 4...d5.} 5. Bg2
Nxf3+ 6. Bxf3 Bc5 (6... Bb4 $5 {Dieser Zug kommt stark in Betracht - nach 7.
Qb3 kann Schwarz 7...Bc5 spielen.}) 7. d3 h6 {Dieser Zug ist gegen 8.Bg5
gerichtet.} (7... c6 8. O-O O-O 9. Bg5 h6 10. Bxf6 Qxf6 11. Ne4 Qe7 12. Nxc5
Qxc5 13. Qd2 $14) 8. O-O O-O 9. Rb1 a5 (9... Re8 10. b4 Bf8 11. Qb3 d6 12. b5
Bh3 13. Bxb7 Bxf1 14. Kxf1 Rb8 15. Bc6 $44 {1-0 Cummings,D-Wells,I/Brighton
1979/MCL (35)}) 10. a3 c6 (10... Re8 11. b4 Bf8 12. Qb3 d6 13. Bg2 g6 14. Bd2
Bg7 15. Qc2 axb4 16. axb4 c6 17. Ra1 Be6 {0-1 Vovsha,E-Tseitlin,M/Biel 2000/
CBM 77 ext (40)}) 11. b4 Bd4 12. Qb3 {[%mdl 4]} (12. Bb2 axb4 13. axb4 d5 $11)
12... axb4 13. axb4 d5 14. cxd5 Nxd5 (14... cxd5 15. Nxd5 Be6 16. e4 (16. Nxf6+
Qxf6 17. Bd5 Bh3 18. Bg2 Be6 19. Bd5 Bh3 $11) 16... Nxd5 17. exd5 Bh3 18. Bg2
Bxg2 19. Kxg2 Qd6 {Auf diese Weise bekommen wir durch Zugumstellung eine
ähnliche Stellung wie in der Partie (dort wurde das Zugpaar 16.e3 Bb6 gespielt)
.}) 15. Nxd5 Be6 16. e3 Bb6 17. e4 cxd5 18. exd5 Bh3 19. Bg2 Bxg2 20. Kxg2 $14
{Weiß hat einen Bauern mehr, aber natürlich ist der Pd5 schwach.} Qd6 {[%cal
Rf8d8,Rd8d3]} 21. Be3 Rfd8 (21... Bxe3 $2 22. fxe3 $16 {[%cal Ge3e4]}) 22. Bxb6
Qxb6 23. Ra1 Rxa1 (23... Rac8 $5) 24. Rxa1 Qd4 25. Ra5 b6 26. Ra6 (26. Rb5 $6
Rc8 27. d6 Qxd6 28. Qd5 $11) 26... Rc8 (26... Qxd5+ 27. Qxd5 Rxd5 28. Rxb6 Rxd3
$11 {In der Partie bekommen wir praktisch dieselbe Stellung (nach 31...Rxe4),
aber dort steht der Turm statt d3 auf e4.}) 27. Qa2 Rc1 28. Qe2 {[%cal Ge2e4]}
Qxd5+ 29. Qe4 Qxe4+ 30. dxe4 $11 {[%mdl 4096] Nach den Vereinfachungen haben
wir ein materiell gleiches Turmendspiel, in dem die Chancen gleich sind, aber
Weiß steht mikroskopisch aktiver.} Rc4 (30... Rc6 31. b5 Rd6 32. Kf3 $14) (
30... b5 31. Rb6 Rc4 32. Rxb5 Rxe4 $11) 31. Rxb6 Rxe4 32. Kf3 Rc4 $6 {Dieser
Turmzug ist passiv - Schwarz muss statt dessen seine Bauernmehrheit am
Königsflügel mobilisieren.} (32... f5 $11) 33. Ke3 Rc2 34. h4 $1 {Weiß
bereitet den Königsmarsch zum Damenflügel vor und stellt zuerst den h2-Bauern
so, dass er verteidigt ist.} h5 35. b5 Rb2 (35... f6) 36. Ke4 Rxf2 $6 (36... f6
$142 37. f4 exf4 38. gxf4 $14) 37. Kxe5 $16 Rf3 $2 (37... Rb2 $142) 38. Rc6 $1
{[%csl Gc6][%cal Ge5d6,Gd6c7,Gc6h6,Gc6c1] Weiß spielt das Turmendspiel sehr
präzise - der Turm steht ausgezeichnet auf c6, denn er macht ein Schlupfloch
für den König auf c7 und Schwarz hat keine Schachmöglichkeiten auf der c-Linie.
Die andere wichtige Idee des Turmzugs ist, dass Weiß auf der sechsten Reihe
die schwarze Stellung teilt.} Rxg3 39. b6 Rb3 40. Kd6 f6 41. Kc7 $18 {[%csl
Gc7,Rg8]} g5 42. hxg5 fxg5 43. b7 {Jetzt ist die weiße Drohung 44.Rb6 mit
sofortigem Gewinn.} Rxb7+ 44. Kxb7 Kg7 45. Kb6 {[%cal Gb6c5,Gc5d4,Gd4e3] Der
schwarze König ist abgeschnitten auf der sechsten Reihe, so kann er seine
Bauern nicht unterstützen.} 1-0

[Event "Mitropa Cup 19th"]
[Site "Baden"]
[Date "1999.04.09"]
[Round "8"]
[White "Cvek, Robert"]
[Black "Cvitan, Ognjen"]
[Result "0-1"]
[WhiteElo "2442"]
[BlackElo "2521"]
[Annotator "Ribli,Z"]
[PlyCount "68"]
[EventDate "1999.04.01"]
[EventType "team-tourn"]
[EventRounds "9"]
[EventCountry "SUI"]
[SourceTitle "CBM 071"]
[Source "ChessBase"]
[SourceDate "1999.08.01"]
[SourceVersion "1"]
[SourceVersionDate "1999.08.01"]
[SourceQuality "1"]

{[%mdl 16448]} 1. c4 Nf6 2. Nc3 e5 3. g3 d5 4. cxd5 Nxd5 5. Bg2 Nb6 6. Nf3 Nc6
{Wir haben eine Stellung der Drachenvariante der Sizilianischen Verteidigung
mit vertauschten Farben und daher Mehrtempo für Weiß. Ribli.} 7. O-O Be7 8. Rb1
{Das ist eine scharfe Fortsetzung. Weiß möchte b2-b4 ziehen.} O-O {Das ist die
ruhige Fortsetzung. Schwarz hätte viele Alternativen: 8...a5, 8...f6, 8...Be6,
8...f5 und den interessanten Zug Kortschnojs - 8...g5.} 9. b4 a6 (9... e4 10.
Nxe4 Nxb4 $13) (9... Bf5 10. b5 Nd4 11. d3 $13) (9... Bxb4 $6 10. Nxe5 $1 $16)
10. a4 Bf5 (10... Nxb4 11. Nxe5 a5 12. d4 c6 13. f4 $5 (13. e4 Be6 14. Bf4 (14.
Re1 f6 15. Ng4 Bxg4 16. Qxg4 Qxd4 17. Qe6+ Rf7 18. Nd5 cxd5 19. Be3 Qe5 20.
Qxb6 Bd8 21. Qd4 Nc2 22. Qxe5 fxe5 23. Re2 d4 24. Rxc2 dxe3 25. fxe3 {1/2-1/2
Georgiev,K-Morozevich,A/Tilburg 1993/CBM 39 (40)}) 14... f6 15. Ng4 Qd7 16. h3
Rad8 17. Be3 Nc4 18. Qe2 Nxe3 19. fxe3 Bd6 20. Kh2 h5 21. Nf2 Qf7 {0-1 Scherer,
M-Tukmakov,V/Schwaebisch Gmuend 1997/EXT 98 (35)}) 13... c5 $1 14. d5 $6 f6 $6
15. Nd3 N4xd5 (15... c4 $142 $5 $15 {/\ Bc5}) 16. Nxd5 Nxd5 17. Qb3 $2 (17. Ne5
Nb4 $5) 17... Be6 18. Qxb7 {0-1 Kobalija,M-Tiviakov,S/Linares 1998/Inf 71/
[Tiviakov,S] (45)}) 11. b5 axb5 (11... Nb4 12. d3 a5 13. Bb2 f6 14. Rc1 Qc8 15.
Ne4 Bxe4 16. dxe4 c5 17. bxc6 bxc6 18. Qb3+ Kh8 19. Nh4 c5 20. Nf5 c4 {0-1
Poldauf,D-Kozul,Z/Groningen 1994/CBM 45 ext (38)}) 12. axb5 Nd4 (12... Bxb1 $2
13. bxc6 $18) 13. d3 Bg4 $5 {Schwarz droht auf f3 zu nehmen und die weiße
Bauernstruktur am Königsflügel zu schwächen.} (13... Bf6 14. Nd2 (14. Nxd4 $1
exd4 15. Ne4 Be7 (15... Bxe4 16. Bxe4 Na4 17. Bd2 Nc3 18. Bxc3 dxc3 19. e3 $1
$16) 16. Qc2 $14 {|^<< /\ 16...Nd5 17.Bb2, /\} Na4 17. Bd2) 14... c6 {1-0
Lirindzakis,T-Brestian,E/Wien 1993/Inf 58/[Lirindzakis,T; Porfiriadis,S] (35)})
14. Nxd4 $6 {Dieser Zug gefällt mir nicht und ist meines Erachtens ein
strategischer Fehler. Weiß vermeidet zwar die Doppelbauern am Königsflügel, es
entsteht aber ein schwaches Feld auf c3, das Schwarz leicht mit dem Springer
erreichen kann. Weiß muß stattdessen mit seinem Springer auf f3 bleiben und
entweder 14.Bb2 oder 14.Re1 ziehen.} (14. Re1 Nxf3+ 15. exf3 Bf5 16. Ne4 Bxe4
$5 (16... Qd7) 17. Rxe4 (17. dxe4 Bc5 $15) 17... Bf6 (17... Bc5 $5) 18. Bb2 Qd6
19. f4 Nd7 $1 {1/2-1/2 Hodgson,J-Romanishin,O/Groningen 1993/Inf 59/
[Romanishin,O] (32)} (19... exf4 20. Bxf6 Qxf6 21. Rxf4 $16 {[%csl Rb7][%cal
Rg2b7,Rf4f6]})) (14. Bb2 $5 Bxf3 15. exf3 Re8 16. f4 $5 exf4 17. Bxb7) (14.
Nxe5 {[#]} Na4 $1 $19 {[%csl Re2] Ein ausgezeichneter Zug!} 15. Nxa4 Nxe2+ 16.
Kh1 Nxg3+ 17. hxg3 Bxd1 18. Rxd1 Rxa4) 14... exd4 {[%csl Yc3]} 15. Ne4 Qd7 $15
{[%csl Gd4][%cal Ga8a2] Schwarz hat Raumvorteil wegen des d4-Bauern, der Turm
steht gut in der a-Linie und in einigen Varianten bekommt Weiß Probleme mit
dem e-Bauern.} 16. Bb2 (16. Qc2 Nd5 $15) 16... Ra2 17. h3 {Weiß möchte den
h3-Bauern gegen den wichtigen d4-Bauern tauschen.} Be6 (17... Bxh3 18. Bxh3
Qxh3 19. Bxd4 $11) 18. g4 (18. Kh2 Rfa8 $15 (18... f5 19. Nd2 Na4)) 18... h5 $1
(18... f5 19. gxf5 Rxf5 $15) (18... Qxb5 $2 19. Bxd4 $14 {[%cal Rb1b5]}) 19.
Ng3 (19. gxh5 Bxh3 20. Bxh3 Qxh3 21. Bxd4 Qg4+ $19 {[%csl Re2][%cal Rg4g1,
Rg4e2,Gg4d4] Weiß kann nicht 22.Ng3 ziehen, denn es hängt dann d4.}) 19... hxg4
20. hxg4 Bxg4 {[%cal Gg4e2]} 21. Bxb7 Bd6 {Die Stellung ist materiell gleich,
aber Schwarz hat die viel bessere Figurenkoordination. Die weiße
Königsstellung ist schwach, aber auch am Damenflügel hat er Schwerigkeiten.}
22. f4 (22. Bc6 Qe6 $36) (22. Bxd4 $2 Bxg3 $19) 22... Be7 {[%cal Ge7h4] Der
Läufer war nach 22.f4 überflüssig auf d6. Jetzt kann er in eingen Varianten
nach h4 ziehen.} 23. Bc6 Qd6 24. Bg2 (24. Qb3 Be6 $15) 24... Na4 {[%csl Ga4,
Yc3][%cal Ga4c3,Ga4b2] Der Springer wird für Weiß sehr unangenehm.} 25. Ne4 (
25. Qb3 Be6 26. Qc2 Rb8 $17) 25... Qb6 {[%cal Gb6g1]} 26. f5 (26. Qb3 Be6 $17 (
26... Nc3 $5)) 26... Nc3 $1 $17 {[%cal Gb6g1]} (26... Nxb2 27. Qb3 Rfa8 28.
Rxb2 Rxb2 29. Qxb2 Ra5 $17) 27. Qd2 {Weiß muß die Qualität geben, ansonsten
kann er die Segel schon steichen.} Nxb1 28. Rxb1 Bxf5 {Schwarz hat mit Bauern
und Qualität mehr sehr gute Gewinnchancen.} 29. Qf4 Qxb5 30. Kf2 (30. Ng3 Bg6
$19) 30... Rxb2 (30... Bg6 $19) 31. Rxb2 Qxb2 32. Qxf5 Bh4+ $19 {Weiß hat
aufgrund des materiellen Nachteils ohnehin kaum Hoffnungen, aber auch seine
Königsstellung ist schwach.} 33. Kf3 Qc1 {[%cal Rc1e3,Re3f3]} 34. Kg4 Be7 {
Und Weiß gab in hoffnungsloser Stellung auf.} 0-1

[Event "Lausanne YM 5th"]
[Site "Lausanne"]
[Date "2004.09.15"]
[Round "1.1"]
[White "Mamedyarov, Shakhriyar"]
[Black "Papa, Severin"]
[Result "1-0"]
[WhiteElo "2662"]
[BlackElo "2397"]
[Annotator "Ribli,Z"]
[PlyCount "57"]
[EventDate "2004.09.15"]
[EventType "k.o."]
[EventRounds "3"]
[EventCountry "SUI"]
[SourceTitle "CBM 104"]
[Source "ChessBase"]
[SourceDate "2005.01.27"]
[SourceVersion "1"]
[SourceVersionDate "2005.01.27"]
[SourceQuality "1"]

1. c4 Nf6 2. Nc3 e5 3. Nf3 Nc6 4. g3 Bb4 {Dieser Zug führt zu positionellem
Spiel. Die Alternativen sind - 4...Nd4, 4...Bc5, 4...d5.} 5. Bg2 O-O 6. O-O e4
(6... Re8) 7. Ng5 (7. Ne1) 7... Bxc3 8. bxc3 {Dieser Zug führt zu scharfem
Spiel - im Falle von 8.dxc3 ist das Spiel weniger scharf..} (8. dxc3 Re8 9. Qc2
Qe7 $11) 8... Re8 9. f3 e3 (9... exf3 10. Nxf3 d5 11. d4 $5 {Dieser Zug wurde
erstmals in der Partie Kasparov,V - Ivanchuk,V Moscow 1988 URS-ch gespielt.}
Ne4 12. Qc2 dxc4 13. Rb1 f5 14. g4 fxg4 $6 15. Ne5 Nxe5 $2 (15... Nd6 16. Nxc6
bxc6 17. e4 $44) 16. Bxe4 Ng6 17. Bxg6 hxg6 18. Qxg6 $16 {[%csl Gb1,Gf1,Gg6,
Rg8] 1-0 Lesiege,A-Zugic,I/Montreal 2001/CBM 85/[Ribli] (21)}) 10. d3 {Das ist
die populäre Fortsetzung - im Falle von 10.dxe3 h6, oder 10...b6 hat Schwarz
Kompensation für den Bauern.} (10. dxe3 b6 (10... d6 $44) 11. e4 h6 12. Nh3 Ba6
$44) 10... d5 11. Qb3 Na5 12. Qa3 c6 13. cxd5 cxd5 14. f4 Nc6 (14... Bg4 15.
Nf3 (15. Re1) 15... Nc6 16. h3 (16. Rb1 Qd7 17. Qb3 b6 18. Bb2 Rac8 19. Rfc1
Bxf3 20. Bxf3 Na5 {0-1 Brooks,I-Tochachek,M/ICCF Email 2002/ICCF Telechess CBM
102 (55)}) 16... Bxf3 17. Bxf3 h5 (17... d4 18. c4 $14) 18. Qc5 Rc8 19. Bb2 b6
20. Qb5 Na5 21. Rac1 Rc5 {1/2-1/2 Eriksson,A-Oestroem,R/Hallsta 1996/EXT 99/
(21)}) 15. Nf3 (15. Rb1 Qc7 (15... Bg4 16. Re1 h6 (16... Qd7 17. h3 $16) 17.
Nf3 Qd7 18. d4 $14 {[%cal Gf3e5]}) 16. Bb2 Bg4 17. Nf3 Rac8 18. Qb3 h6 19. Rfc1
Qd7 20. c4 dxc4 21. Qxc4 Be6 22. Qa4 Nd5 {1-0 Brooks,I-Fuzishawa,R/ICCF Email
2001/ICCF Telechess CBM 100 (55)}) (15. Bb2 Bg4 16. Rae1 h6 17. Nf3 Qc8 $5 (
17... Qd7 $6 18. Ne5 $1 Qf5 19. c4 Bh3 20. Nxc6 Bxg2 21. Kxg2 bxc6 22. Bxf6 $14
)) 15... Bd7 $146 16. Rb1 {Weiß hat das Läuferpaar, aber der e3P blockiert die
weiße Stellung.} b6 (16... Qc7) 17. c4 Rc8 (17... dxc4 18. dxc4 $13 (18. Ne5
Nd4 $13) (18. Bb2 cxd3 19. Qxd3 $44)) 18. cxd5 Nxd5 19. Bb2 a5 {[%cal Gc6b4,
Gd5b4] Schwarz möchte einen Springer auf b4 stellen und die Aktivität der
a3-Dame beschränken.} 20. Rfc1 Ncb4 21. Ba1 $1 {[%mdl 32] Mit diesem stillen
Läuferzug bereitet Weiß den Damenzug 22.Qb2 vor, wonach er mit 23.a3 den
Springer von b4 verjagen kann.} h6 {Schwarz bereitet Be6 vor und verteidigt
sich gegen Ng5.} (21... Nf6 $5 $13 {[%cal Gb4d5]}) 22. Qb2 $14 {[%csl Ga1,Gb2,
Rb4][%cal Ga2a3,Ga3b4,Ra1g7]} Nf6 23. a3 (23. Rxc8 Bxc8 24. Ne5 $14) 23... Nbd5
24. Ne5 Be6 (24... Rxc1+ 25. Rxc1 Be6 26. Qb5 $14) 25. Rxc8 Bxc8 (25... Qxc8 $2
26. f5 $1 Bxf5 27. Bxd5 Nxd5 28. Nxf7 $1 Kxf7 (28... Nf6 $2 29. Nd6 $18 {
[%cal Rd6e8,Rd6c8]}) 29. Qxg7+ Ke6 30. Qe5+ Kf7 31. Qxd5+ Qe6 32. Qd4 $18) 26.
Qd4 $16 {[%csl Gd4,Ge5][%cal Gg2a8,Ga1h8][%mdl 2048] Weiß hat zwei starke
Läufer auf den starken Diagonalen und gut zentralisierte e5-Springer und
d4-Dame.} Re6 (26... Bb7 27. Nc4 $16 {[%csl Rb6][%cal Rc4b6]} (27. Ng4 $16))
27. Nc4 Kf8 28. Rb5 $18 {[%csl Rd5]} Bb7 29. Bxd5 (29. Bxd5 Bxd5 30. Nxe3 $18 (
30. Nxb6 Rd6 31. Qc5 Bc6 32. Be5 Bxb5 33. Bxd6+ Kg8 34. Be7 Qe8 35. Bxf6 gxf6
36. Nd5 $18)) 1-0

[Event "Munich SKA"]
[Site "Munich"]
[Date "1992.??.??"]
[Round "2"]
[White "Hansen, Curt"]
[Black "Christiansen, Larry Mark"]
[Result "1/2-1/2"]
[WhiteElo "2620"]
[BlackElo "2595"]
[Annotator "Ribli,Z"]
[PlyCount "62"]
[EventDate "1992.05.??"]
[EventType "tourn"]
[EventRounds "11"]
[EventCountry "GER"]
[EventCategory "14"]
[SourceTitle "CBM 030"]
[Source "ChessBase"]
[SourceDate "1992.10.01"]
[SourceVersion "1"]
[SourceVersionDate "1992.10.01"]
[SourceQuality "1"]

1. c4 e5 2. Nc3 Nf6 3. Nf3 Nc6 4. g3 Nd4 5. Bg2 Nxf3+ 6. Bxf3 Bb4 7. Qb3 Bc5 (
7... a5 8. O-O O-O 9. Rd1 d6 10. d4 exd4 11. Rxd4 Nd7 $6 (11... Bc5 $1 $10) 12.
Qc2 Ne5 13. Be4 $14 {Uhlmann,W-Gelfand,B Debrecen 1989 CBM/14 48/25}) 8. O-O
O-O 9. d3 (9. Na4 $5 Be7 10. Rd1 c5 11. d3 d6 12. Nc3 Re8 13. a3 Rb8 14. Qa2
Qd7 15. Nd5 Qh3 16. Nxf6+ Bxf6 17. Rb1 $14 {Miles,A-Sadler,M Oostende op 1991
EXP/26}) 9... h6 10. Bd2 Re8 11. Rac1 Rb8 12. Qa4 $1 a6 13. b4 Bf8 14. b5 Bc5
$8 15. bxa6 bxa6 16. Rb1 Rb6 $1 17. Be3 (17. Qa5 $5 d6 18. Na4 Rxb1 19. Rxb1
$14) 17... Bxe3 18. fxe3 Rxb1 19. Rxb1 e4 $1 20. Nxe4 Nxe4 21. dxe4 (21. Bxe4
$2 Qg5 $44) 21... Qg5 22. Kf2 Qe5 23. Rb8 (23. Rd1 d6 24. Rd5 Qe7 $44) 23... g5
24. Qd1 c6 $1 25. Ra8 d6 26. Qd4 c5 27. Qxe5 (27. Qd5 $5) 27... dxe5 28. Bg4
Bd7 $1 29. Rxe8+ Bxe8 30. Bc8 a5 31. Bb7 Kf8 1/2-1/2